| 000 | 02202cam a22003251i 4500 | ||
|---|---|---|---|
| 003 | SA-RiAUC | ||
| 005 | 20241229143311.0 | ||
| 008 | 241229s2005 le g 000 0 ara c | ||
| 040 |
_aSA-JeALM _bara _cSA-RiAUC _erda |
||
| 082 | _a217. 4 | ||
| 082 | 0 | 4 |
_a258.1 _qSA-RiAUC |
| 090 |
_a258.1 _b ك ر ا |
||
| 100 | 1 |
_aالكرابيسي، أسعد بن محمد بن الحسين، _dتوفي 570 هجري _eمؤلف. |
|
| 245 | 1 | 2 |
_aالفروق في الفروع في فقه الإمام أبي حنيفة النعمان رضي الله تعالى عنه / _bويليه اختلاف ابي حنيفة وابن ابي ليلى للإمام ابي يوسف يعقوب بن ابراهيم الانصاري _cتأليف أبي المظفر أسعد بن محمد الحسين الكرابيسي النيسابوري الحنفي ؛ تحقيق أحمد فريد المزيدي. |
| 250 | _aالطبعة الأولى. | ||
| 264 | 1 |
_aبيروت : _bدار الكتب العلمية، _c2005 |
|
| 300 |
_a543 صفحة ؛ _c24 سم |
||
| 336 |
_aنص _btxt _2rdacontent _3كتاب |
||
| 337 |
_aبدون وسيط _bn _2rdamedia |
||
| 338 |
_aمجلد _bnc _2rdacarrier |
||
| 500 | _aيليه : اختلاف أبو حنيفة وابن أبو ليلى / يعقوب بن إبراهيم بن حبيب أبو يوسف-وفي المقدمة ترجمة أبي حنيفة وأبي يوسف ومحمد بن الحسن الشيباني / لأبي عبد الله محمد بن أحمد بن عثمان الذهبي. | ||
| 650 | 7 |
_aالفقه الحنفي _2aucsh |
|
| 700 | 1 |
_aالمزيدي، أحمد فريد _eمحقق. |
|
| 700 | 1 | 2 |
_aأبو يوسف، يعقوب بن إبراهيم بن حبيب، _d113-182 هجري. _tاختلاف أبو حنيفة وابن أبي ليلى. |
| 700 | 1 | 2 |
_aالذهبي، محمد بن أحمد بن عثمان، _d673-748 هجري. _tترجمة أبي حنيفة وأبي يوسف ومحمد بن الحسن الشيباني. |
| 740 | 0 | 2 | _aاختلاف أبو حنيفة وابن أبو ليلى. |
| 740 | 0 | 2 | _aترجمة أبي حنيفة وأبي يوسف ومحمد بن الحسن الشيباني. |
| 942 |
_2ddc _cBOOK _n0 |
||
| 949 |
_aSA-JeALM _d241229 _uosman123 _n1 |
||
| 999 |
_c4062 _d4062 |
||